Statistics for Rolling Stone's 100 Greatest Guitarists

Click here to take the quiz!

General Stats

  • This quiz has been taken 185 times
    (168 since last reset)
  • The average score is 23 of 100

Answer Stats

Hint Answer % Correct
1Jimi Hendrix
94%
2Eric Clapton
89%
3Jimmy Page
75%
11George Harrison
75%
4Keith Richards
72%
65Slash
70%
8Edward van Halen
64%
6B.B. King
57%
55John Lennon
57%
10Pete Townshend
56%
7Chuck Berry
55%
73Kurt Cobain
54%
5Jeff Beck
52%
26Brian May
51%
20Carlos Santana
49%
33Prince
45%
84Joe Perry
43%
12Stevie Ray Vaughan
43%
38The Edge
42%
24Angus Young
42%
49Muddy Waters
41%
14David Gilmour
41%
80Buddy Holly
37%
25Tony Iommi
37%
9Duane Allman
36%
17Neil Young
33%
22Frank Zappa
29%
44Mark Knopfler
29%
71Robert Johnson
28%
50Ritchie Blackmore
28%
46Jerry Garcia
27%
87James Hetfield
26%
54Joe Walsh
26%
96Bruce Springsteen
24%
18Les Paul
23%
27Bo Diddley
22%
23Buddy Guy
22%
40Tom Morello
22%
70Jack White
20%
35John Lee Hooker
20%
13Albert King
19%
36Randy Rhoads
17%
98Alex Lifeson
16%
100Lindsey Buckingham
16%
72John Frusciante
15%
47Stephen Stills
15%
28Johnny Ramone
15%
37Mick Taylor
15%
92Dimebag Darrell
15%
75Joni Mitchell
14%
32Billy Gibbons
14%
93Paul Simon
14%
31Ry Cooder
13%
81Lou Reed
13%
88Carl Perkins
13%
29Scotty Moore
12%
59Robbie Robertson
11%
57Rory Gallagher
10%
89Bonnie Raitt
10%
94Peter Buck
10%
85Andy Summers
10%
63Johnny Winter
10%
21Chet Atkins
10%
41Mick Ronson
10%
77Willie Nelson
10%
76Robby Krieger
10%
58Peter Green
10%
56Albert Collins
9%
16Derek Trucks
9%
97Steve Jones
9%
15Freddy King
8%
51Johnny Marr
8%
34Curtis Mayfield
8%
61Dickey Betts
8%
64Duane Eddy
7%
62Robert Fripp
7%
74Dick Dale
6%
48Johnny Greenwood
6%
79Mike Campbell
6%
19James Burton
5%
30Elmore James
5%
99Thurston Moore
5%
95Roger McGuinn
5%
90Tom Verlaine
5%
83Eddie Hazel
5%
53Otis Rush
4%
43Hubert Sumlin
4%
68John McLaughlin
4%
67T-Bone Walker
4%
66Leslie West
3%
42Mike Bloomfield
3%
69Richard Thompson
3%
86J. Mascis
2%
39Steve Cooper
2%
45Link Wray
2%
60Ron Asheton
1%
91Dane A. Davies
1%
78John Farley
1%
82Nels Cline
0%
52Clarence White
0%

Score Distribution

Percentile by Number Answered

Percent of People with Each Score

Your Score History

You have not taken this quiz since the last reset